000 00618nam a2200241Ia 4500
003 OSt
005 20221005024230.0
006 a|||||r|||| 00| 0
007 ta
008 221004b |||||||| |||| 00| 0 eng d
024 _a32812
037 _cTextual
040 _aCRL
_cCRL
_beng
041 _2eng
_aeng
082 _aS8, H8;1
100 _aKrech David
_983836
245 0 _aTheory and problems of social psychology
260 _aBombay
_bTata McGraw-Hill
_c1948
300 _a639p.
_ccm.
650 _aPSYCHOLOGY
942 _hS8, H8;1
_cTEXL
_2cc
999 _c932514
_d932514